书目信息 |
| 题名: |
C语言程序设计
|
|
| 作者: | 黄维通 , 刘晓静 , 王瑞 编著 | |
| 分册: | ||
| 出版信息: | 北京 清华大学出版社 2011.01 |
|
| 页数: | 310页 | |
| 开本: | 26cm | |
| 丛书名: | 清华大学计算机基础教育课程系列教材 | |
| 单 册: | ||
| 中图分类: | TP312 | |
| 科图分类: | ||
| 主题词: | C语言--C yu yan--程序设计--高等学校--教材 | |
| 电子资源: | ||
| ISBN: | 978-7-302-23750-1 | |
| 000 | 01383nam 2200325 450 | |
| 001 | B20110005853 | |
| 005 | 20110714165209.00 | |
| 010 | @a978-7-302-23750-1@dCNY30.00 | |
| 100 | @a20110121d2011 km y0chiy50 ea | |
| 101 | 0 | @achi |
| 102 | @aCN@b110000 | |
| 105 | @aak a 000yy | |
| 106 | @ar | |
| 200 | 1 | @aC语言程序设计@AC yu yan cheng xu she ji@f黄维通, 刘晓静, 王瑞编著 |
| 205 | @a第2版 | |
| 210 | @a北京@c清华大学出版社@d2011.01 | |
| 215 | @a310页@c图@d26cm | |
| 225 | 2 | @a清华大学计算机基础教育课程系列教材@Aqing hua da xue ji suan ji ji chu jiao yu ke cheng xi lie jiao cai |
| 320 | @a有书目 | |
| 330 | @a本书基础部分的主要内容包括程序设计中的基本概念与应用,如变量、数组、控制结构及判断结构等,并在掌握了这些基本概念与应用的基础上适时引入函数的结构与应用、指针的概念及其应用、算法设计与实现、结构型数据的应用及文件的操作等面向应用的知识点介绍,然后在上述知识点的基础上进一步介绍数据结构专题,包括链表、栈、队列和二叉树的概念与应用。 | |
| 333 | @a本教材可供高等院校、水平考试、各类成人教育等教学使用,也可供计算机爱好者自学。 | |
| 410 | 0 | @12001 @a清华大学计算机基础教育课程系列教材 |
| 586 | @a | |
| 606 | 0 | @aC语言@AC yu yan@x程序设计@x高等学校@j教材 |
| 690 | @aTP312@v5 | |
| 701 | 0 | @a黄维通@Ahuang wei tong@4编著 |
| 701 | 0 | @a刘晓静@Aliu xiao jing@4编著 |
| 701 | 0 | @a王瑞@Awang rui@4编著 |
| 801 | 0 | @aCN@c20110610 |
| 905 | @dTP312@eH8901@f3 | |
| C语言程序设计/黄维通, 刘晓静, 王瑞编著.-第2版.-北京:清华大学出版社,2011.01 |
| 310页:图;26cm.-(清华大学计算机基础教育课程系列教材) |
| 使用对象:本教材可供高等院校、水平考试、各类成人教育等教学使用,也可供计算机爱好者自学。 |
| ISBN 978-7-302-23750-1:CNY30.00 |
| 本书基础部分的主要内容包括程序设计中的基本概念与应用,如变量、数组、控制结构及判断结构等,并在掌握了这些基本概念与应用的基础上适时引入函数的结构与应用、指针的概念及其应用、算法设计与实现、结构型数据的应用及文件的操作等面向应用的知识点介绍,然后在上述知识点的基础上进一步介绍数据结构专题,包括链表、栈、队列和二叉树的概念与应用。 |
| ● |
| 相关链接 |
|
|
|
正题名:C语言程序设计
索取号:TP312/H8901
 
预约/预借
| 序号 | 登录号 | 条形码 | 馆藏地/架位号 | 状态 | 备注 |
| 1 | 884077 | 208840771 | 自科二线404/404自科库 13排6列3层/ [索取号:TP312/H8901] | 在馆 | |
| 2 | 884078 | 208840780 | 自科库301/301自科库 82排2列2层/ [索取号:TP312/H8901] | 在馆 | |
| 3 | 884079 | 208840799 | 自科库301/301自科库 82排2列2层/ [索取号:TP312/H8901] | 在馆 |